PROSTHODONTICS TREATMENT FOR EDNTULOUS PATIENTS (Record no. 2870)

MARC details
000 -LEADER
fixed length control field 00381nam a2200145Ia 4500
008 - FIXED-LENGTH DATA ELEMENTS--GENERAL INFORMATION
fixed length control field 150201s2002 xx 000 0 und d
082 ## - DEWEY DECIMAL CLASSIFICATION NUMBER
Classification number 617.69
Item number P2002Z
100 ## - MAIN ENTRY--PERSONAL NAME
Personal name ZARB, GEORGE A.
245 ## - TITLE STATEMENT
Title PROSTHODONTICS TREATMENT FOR EDNTULOUS PATIENTS
250 ## - EDITION STATEMENT
Edition statement 11TH
260 ## - PUBLICATION, DISTRIBUTION, ETC. (IMPRINT)
Name of publisher, distributor, etc. MOSBY
Place of publication, distribution, etc. ST.LOUIS.MISSOURI
Date of publication, distribution, etc. 2002
300 ## - PHYSICAL DESCRIPTION
Extent 1-558
650 ## - SUBJECT ADDED ENTRY--TOPICAL TERM
Topical term or geographic name as entry element PROSTHODONTICS
942 ## - ADDED ENTRY ELEMENTS (KOHA)
Source of classification or shelving scheme Dewey Decimal Classification
Koha item type Books
Koha issues (borrowed), all copies 8
Holdings
Withdrawn status Lost status Source of classification or shelving scheme Damaged status Not for loan Home library Current library Date acquired Source of acquisition Cost, normal purchase price Serial Enumeration / chronology SGTU Bill Number Total Checkouts Full call number Barcode Date last seen Date last checked out Bill Date Koha item type
    Dewey Decimal Classification     SGT Dental Library SGT Dental Library 08/09/2003 U.B.S.DELHI 275.00 1 SGTU 555 9 617.69 P2002Z FD1604 16/03/2026 16/03/2026 02/03/2012 Books
    Dewey Decimal Classification     SGT Dental Library SGT Dental Library 08/09/2003 U.B.S.DELHI 275.00 1 SGTU 555 3 617.69 P2002Z FD1605 31/03/2025 25/03/2025 02/03/2012 Books